000 nam a22 7a 4500
999 _c233496
_d233496
003 Nust
005 20170308114746.0
008 170308b xxu||||| |||| 00| 0 eng d
040 _cDLC
082 _a 363.738746 SAR
245 _aGlobal Climate Change:Beyond Copenhagen /
_cSarkar,A.N.
260 _aNew Delhi :
_bPentagon Earth,
_c 2010
300 _a432p. :
_c25cm
942 _2ddc
_cBK